000 00559nam a22001937a 4500
999 _c3034
_d3034
003 AR-CdUCM
008 190305b ||||| |||| 00| 0 spa d
040 _aMUNICIPALIDAD PROVINCIAL DEL CUSCO
_cBIBLIOTECA MUNICIPAL DEL CUSCO
082 _a869.95 /
_bS21
100 _aSantos, Mario
_910333
245 _aLos madrugadores
260 _aNicaragua :
_bTalleres de impresiones técnicas,
_c1975.
300 _a85 páginas ;
_c19 cm.
650 _aNovela
_95
650 _aLiteratura
_9416
650 _aNicaragua
_92871
942 _2ddc
_cLIBROS
945 _admma